MARC details
| 000 -LEADER |
| fixed length control field |
01495aam a2200505 i 4500 |
| 001 - CONTROL NUMBER |
| control field |
9912220773804341 |
| 003 - CONTROL NUMBER IDENTIFIER |
| control field |
OSt |
| 005 - DATE AND TIME OF LATEST TRANSACTION |
| control field |
20250614161924.0 |
| 008 - FIXED-LENGTH DATA ELEMENTS--GENERAL INFORMATION |
| fixed length control field |
800425s1980 enka w 00110 eng |
| 015 ## - NATIONAL BIBLIOGRAPHY NUMBER |
| National bibliography number |
B8008756 |
| 020 ## - INTERNATIONAL STANDARD BOOK NUMBER |
| International Standard Book Number |
0330259598 |
| 035 ## - SYSTEM CONTROL NUMBER |
| System control number |
(StEdNL)1222077-nlsdb-Voyager |
| 040 ## - CATALOGING SOURCE |
| Original cataloging agency |
StEdNL |
| Transcribing agency |
LHL |
| 043 00 - GEOGRAPHIC AREA CODE |
| Geographic area code |
e-uk--- |
| 043 01 - GEOGRAPHIC AREA CODE |
| Geographic area code |
e-uk--- |
| 043 02 - GEOGRAPHIC AREA CODE |
| Geographic area code |
e-uk--- |
| 043 03 - GEOGRAPHIC AREA CODE |
| Geographic area code |
e-uk--- |
| 049 00 - LOCAL HOLDINGS (OCLC) |
| Holding library |
BL |
| Copy statement |
BL |
| Definition of bibliographic subdivisions |
810522 |
| 050 00 - LIBRARY OF CONGRESS CALL NUMBER |
| Classification number |
QK495.G74 |
| 050 00 - LIBRARY OF CONGRESS CALL NUMBER |
| Classification number |
QK543 |
| 050 00 - LIBRARY OF CONGRESS CALL NUMBER |
| Classification number |
QK589 |
| 082 00 - DEWEY DECIMAL CLASSIFICATION NUMBER |
| Classification number |
584 |
| Item number |
.9 |
| -- |
0941 |
| 082 00 - DEWEY DECIMAL CLASSIFICATION NUMBER |
| Classification number |
587 |
| Item number |
.31 |
| -- |
0941 |
| 082 00 - DEWEY DECIMAL CLASSIFICATION NUMBER |
| Classification number |
588 |
| Item number |
.2 |
| -- |
0941 |
| 082 00 - DEWEY DECIMAL CLASSIFICATION NUMBER |
| Classification number |
589/.1/0941 |
| Edition number |
18 |
| 087 00 - REPORT NUMBER [OBSOLETE, CAN/MARC] |
| Report number [OBSOLETE, CAN/MARC] |
SRL |
| 100 10 - MAIN ENTRY--PERSONAL NAME |
| Personal name |
Phillips, Roger, |
| Dates associated with a name |
1932- |
| 245 10 - TITLE STATEMENT |
| Title |
Grasses, ferns, mosses & lichens of Great Britain and Ireland / |
| Statement of responsibility, etc. |
by Roger Phillips, assisted by Sheila Grant. |
| 264 ## - PRODUCTION, PUBLICATION, DISTRIBUTION, MANUFACTURE, AND COPYRIGHT NOTICE |
| Place of production, publication, distribution, manufacture |
London : |
| Name of producer, publisher, distributor, manufacturer |
Pan Books, |
| Date of production, publication, distribution, manufacture, or copyright notice |
1980. |
| 300 ## - PHYSICAL DESCRIPTION |
| Extent |
191 pages : |
| Other physical details |
chiefly col ill ; |
| Dimensions |
29 cm. |
| 336 ## - CONTENT TYPE |
| Source |
rdacontent |
| Content type term |
text |
| Content type code |
txt |
| 337 ## - MEDIA TYPE |
| Source |
rdamedia |
| Media type term |
unmediated |
| Media type code |
n |
| 338 ## - CARRIER TYPE |
| Source |
rdacarrier |
| Carrier type term |
volume |
| Carrier type code |
nc |
| 350 00 - PRICE (NR) (BK AM CF MU VM SE) [OBSOLETE] |
| Price |
£4.95 |
| 500 ## - GENERAL NOTE |
| General note |
Also published: London : Ward Lock, 1980 |
| 504 00 - BIBLIOGRAPHY, ETC. NOTE |
| Bibliography, etc. note |
Bibliography: p.11. - Includes index |
| 650 #0 - SUBJECT ADDED ENTRY--TOPICAL TERM |
| Topical term or geographic name entry element |
Grasses |
| Geographic subdivision |
Great Britain |
| General subdivision |
Identification. |
| 650 #0 - SUBJECT ADDED ENTRY--TOPICAL TERM |
| Topical term or geographic name entry element |
Ferns |
| Geographic subdivision |
Great Britain |
| General subdivision |
Identification. |
| 650 #0 - SUBJECT ADDED ENTRY--TOPICAL TERM |
| Topical term or geographic name entry element |
Mosses |
| Geographic subdivision |
Great Britain |
| General subdivision |
Identification. |
| 650 #0 - SUBJECT ADDED ENTRY--TOPICAL TERM |
| Topical term or geographic name entry element |
Lichens |
| Geographic subdivision |
Great Britain |
| General subdivision |
Identification. |
| 700 11 - ADDED ENTRY--PERSONAL NAME |
| Personal name |
Grant, Sheila. |
| 942 ## - ADDED ENTRY ELEMENTS (KOHA) |
| Source of classification or shelving scheme |
Lindholme Classification Scheme |
| Koha item type |
Book |
| Suppress in OPAC |
No |
| 956 ## - LOCAL ELECTRONIC LOCATION AND ACCESS (OCLC) |
| Host name |
NLS |